ខ្មៅដៃមួយដើម : (Record no. 8629)
[ view plain ]
| 000 -LEADER | |
|---|---|
| fixed length control field | 02046nam a22003137a 4500 |
| 001 - CONTROL NUMBER | |
| control field | 8629 |
| 003 - CONTROL NUMBER IDENTIFIER | |
| control field | FISKH |
| 005 - DATE AND TIME OF LATEST TRANSACTION | |
| control field | 20251007101737.0 |
| 008 - FIXED-LENGTH DATA ELEMENTS--GENERAL INFORMATION | |
| fixed length control field | 251007b cb ||||| |||| 00| 0 eng d |
| 020 ## - INTERNATIONAL STANDARD BOOK NUMBER | |
| International Standard Book Number | 9789996301209 |
| 040 ## - CATALOGING SOURCE | |
| Original cataloging agency | FISKH |
| Language of cataloging | khr |
| Transcribing agency | FISKH |
| Modifying agency | FISKH |
| 050 ## - LIBRARY OF CONGRESS CALL NUMBER | |
| Classification number | PZ7 |
| 082 ## - DEWEY DECIMAL CLASSIFICATION NUMBER | |
| Classification number | 895 |
| 100 ## - MAIN ENTRY--PERSONAL NAME | |
| Personal name | Seap, Kol |
| 245 ## - TITLE STATEMENT | |
| Title | ខ្មៅដៃមួយដើម : |
| Remainder of title | One pencil / |
| Statement of responsibility, etc. | និពន្ធដោយ អ្នកស្រី កុល សៀប , កែសម្រួលដោយ អ្នកស្រី គឹមស៊ុន សុធារី |
| 260 ## - PUBLICATION, DISTRIBUTION, ETC. | |
| Place of publication, distribution, etc. | Phnom Penh : |
| Name of publisher, distributor, etc. | Reading Books , |
| Date of publication, distribution, etc. | 2010. |
| 300 ## - PHYSICAL DESCRIPTION | |
| Extent | 20 pages : |
| Other physical details | color illustrations ; |
| Dimensions | 25 cm . |
| 490 ## - SERIES STATEMENT | |
| Series statement | ពិភពរឿងនិទាន |
| 505 ## - FORMATTED CONTENTS NOTE | |
| Formatted contents note | J <br/> |
| 520 ## - SUMMARY, ETC. | |
| Summary, etc. | រឿងនេះចង់អប់រំដល់ប្អូនៗកុមារចេះខិតខំព្យាយាមទទួលខុសត្រូវដោយខ្លួនឯង ទាំងការរៀបចំទុកដាក់សំភារះផ្ទាល់ខ្លួន ការតស៊ូរៀនសូត្រ និងការដឹងកំហុសខ្លួនឯង។ ជាពិសេសជួយដាស់ស្មារតីឧ៏ពុកម្តាយអោយចេះសហការជាមួយលោកគ្រូ អ្នកគ្រូដើម្បីជៀសរាងកុំអោយកូនខូច ។ |
| 520 ## - SUMMARY, ETC. | |
| Summary, etc. | This story is intended to educated children to try their best to be self-responsible for their personal material preparation, it helps parents to understand how to extendsound cooperation with their children's teachers in order that their children are not spoilt . |
| 521 8# - TARGET AUDIENCE NOTE | |
| Target audience note | 500 <br/> |
| Source | Lexile estimate <br/> |
| 521 8# - TARGET AUDIENCE NOTE | |
| Target audience note | J <br/> |
| Source | Raz-Plus <br/> |
| 650 ## - SUBJECT ADDED ENTRY--TOPICAL TERM | |
| Topical term or geographic name entry element | ខ្មៅដៃមួយដើម |
| Form subdivision | រឿងនិទានកុមារ |
| 650 ## - SUBJECT ADDED ENTRY--TOPICAL TERM | |
| Topical term or geographic name entry element | One pencil |
| Form subdivision | Children's Stories |
| 700 ## - ADDED ENTRY--PERSONAL NAME | |
| Personal name | Bunthorn, Theak |
| Relator term | Illustrator |
| 942 ## - ADDED ENTRY ELEMENTS (KOHA) | |
| Source of classification or shelving scheme | Dewey Decimal Classification |
| Koha item type | Khmer Books |
| Suppress in OPAC | No |
| Withdrawn status | Lost status | Source of classification or shelving scheme | Damaged status | Not for loan | Collection | Home library | Current library | Shelving location | Date acquired | Total Checkouts | Full call number | Barcode | Date last seen | Copy number | Price effective from | Koha item type | Date due | Date last checked out |
|---|---|---|---|---|---|---|---|---|---|---|---|---|---|---|---|---|---|---|
| Dewey Decimal Classification | Khmer-English Bilingual / ភាសាខ្មែរ-អង់គ្លេស | Footprints International School Library Network Toul Tom Poung Campus | Footprints International School Library Network Toul Tom Poung Campus | TTP Primary Khmer Bookshelves | 10/07/2025 | SEA PZ7 895 | FIS04439 | 10/07/2025 | 1 | 10/07/2025 | Khmer Books | |||||||
| Dewey Decimal Classification | Khmer-English Bilingual / ភាសាខ្មែរ-អង់គ្លេស | Footprints International School Library Network Toul Tom Poung Campus | Footprints International School Library Network Toul Tom Poung Campus | TTP Primary Khmer Bookshelves | 11/11/2025 | 1 | SEA PZ7 895 | FIS04048 | 02/25/2026 | 2 | 11/11/2025 | Khmer Books | 03/11/2026 | 02/25/2026 | ||||
| Dewey Decimal Classification | Khmer-English Bilingual / ភាសាខ្មែរ-អង់គ្លេស | Footprints International School Library Network Toul Tom Poung Campus | Footprints International School Library Network Toul Tom Poung Campus | TTP Primary Khmer Bookshelves | 11/11/2025 | SEA PZ7 895 | FISBK03913 | 11/11/2025 | 3 | 11/11/2025 | Khmer Books |
